Select World Countries on Map - Statistics

General Stats
  • This quiz has been taken 111 times
  • The average score is 111 of 196
Answers on the Map
Answers color-coded by a green-red scale on the quiz's map according to % correct below.
 
Answer Stats
Answer % Correct
Australia
80%
Mongolia
77%
Afghanistan
74%
Argentina
74%
Italy
71%
Japan
71%
Oman
71%
Philippines
71%
Russia
71%
United States
71%
Albania
69%
Austria
69%
Canada
69%
Egypt
69%
Laos
69%
Madagascar
69%
Mexico
69%
Mozambique
69%
New Zealand
69%
Papua New
Guinea
69%
Spain
69%
Taiwan
69%
Thailand
69%
Algeria
66%
Bahamas
66%
Bangladesh
66%
Belarus
66%
Brazil
66%
Denmark
66%
Nepal
66%
Paraguay
66%
Peru
66%
Somalia
66%
Andorra
63%
Angola
63%
Armenia
63%
Bolivia
63%
Bosnia and Herzegovina
63%
Cambodia
63%
Cape Verde
63%
Chile
63%
Colombia
63%
Ecuador
63%
Finland
63%
France
63%
Iceland
63%
India
63%
Indonesia
63%
Iran
63%
Ireland
63%
Jordan
63%
Luxembourg
63%
Malaysia
63%
Maldives
63%
Montenegro
63%
Myanmar
63%
Panama
63%
Portugal
63%
South Korea
63%
Sweden
63%
Turkey
63%
Azerbaijan
60%
Bahrain
60%
Belgium
60%
China
60%
Czech Republic
60%
El Salvador
60%
Estonia
60%
F.S. Micronesia
60%
Georgia
60%
Germany
60%
Greece
60%
Kazakhstan
60%
Lebanon
60%
Libya
60%
Malta
60%
Mauritania
60%
Monaco
60%
Niger
60%
North Korea
60%
Norway
60%
Pakistan
60%
Romania
60%
Saudi Arabia
60%
South Africa
60%
South Sudan
60%
Sri Lanka
60%
Suriname
60%
Syria
60%
United Kingdom
60%
Vatican City
60%
Venezuela
60%
Vietnam
60%
Cuba
57%
Dominican Republic
57%
D.R. Congo
57%
East Timor
57%
Ethiopia
57%
Ghana
57%
Guatemala
57%
Jamaica
57%
Kiribati
57%
Latvia
57%
Lithuania
57%
Moldova
57%
Morocco
57%
Nigeria
57%
Poland
57%
Tanzania
57%
Tunisia
57%
Ukraine
57%
Yemen
57%
Belize
54%
Bhutan
54%
Central African
Republic
54%
Costa Rica
54%
Djibouti
54%
Hungary
54%
Iraq
54%
Israel
54%
Kyrgyzstan
54%
Mali
54%
Mauritius
54%
Nicaragua
54%
Qatar
54%
Rep. of the Congo
54%
San Marino
54%
Serbia
54%
Seychelles
54%
Slovakia
54%
Switzerland
54%
Togo
54%
Uganda
54%
United Arab
Emirates
54%
Uruguay
54%
Zambia
54%
Benin
51%
Botswana
51%
Bulgaria
51%
Chad
51%
Croatia
51%
Cyprus
51%
Equatorial Guinea
51%
Gabon
51%
Guyana
51%
Honduras
51%
Kenya
51%
Lesotho
51%
Liechtenstein
51%
Namibia
51%
Netherlands
51%
Rwanda
51%
São Tomé and
Principe
51%
Slovenia
51%
Sudan
51%
Tajikistan
51%
Uzbekistan
51%
Burkina Faso
49%
Burundi
49%
Cameroon
49%
Eritrea
49%
Eswatini
49%
Fiji
49%
Haiti
49%
Kosovo
49%
North Macedonia
49%
Sierra Leone
49%
Singapore
49%
Turkmenistan
49%
Antigua and Barbuda
46%
Barbados
46%
Gambia
46%
Guinea-Bissau
46%
Ivory Coast
46%
Kuwait
46%
Liberia
46%
Malawi
46%
Solomon Islands
46%
Trinidad and
Tobago
46%
Brunei
43%
Comoros
43%
Guinea
43%
Marshall Islands
43%
Nauru
43%
Senegal
43%
Zimbabwe
43%
Palau
40%
Samoa
37%
Tuvalu
37%
Vanuatu
37%
Tonga
34%
Dominica
29%
Grenada
29%
St. Kitts and Nevis
29%
St. Lucia
23%
St. Vincent and the
Grenadines
20%
No matching quizzes found
Score Distribution
Percent of People with Each Score
Percentile by Number Answered
Your Score History
You have not taken this quiz